Die Bergpredigt Jesu für die heutige Zeit ausgelegt. (Record no. 6330)

MARC details
000 -LEADER
fixed length control field 00590cam a22002051 4500
001 - CONTROL NUMBER
control field af 48005059
003 - CONTROL NUMBER IDENTIFIER
control field DLC
005 - DATE AND TIME OF LATEST TRANSACTION
control field 20260227110911.0
008 - FIXED-LENGTH DATA ELEMENTS--GENERAL INFORMATION
fixed length control field 780721s1946 gw 000 0 ger c
010 ## - LIBRARY OF CONGRESS CONTROL NUMBER
LC control number af 48005059
035 ## - SYSTEM CONTROL NUMBER
System control number (OCoLC)4072023
040 ## - CATALOGING SOURCE
Original cataloging agency Yale Univ. Library
Transcribing agency MiGrC
Modifying agency MiGrC
-- OCoLC
-- DLC
042 ## - AUTHENTICATION CODE
Authentication code premarc
050 00 - LIBRARY OF CONGRESS CALL NUMBER
Classification number BT380
Item number .H35
100 1# - MAIN ENTRY--PERSONAL NAME
Personal name Heim, Karl,
Dates associated with a name 1874-1958.
245 14 - TITLE STATEMENT
Title Die Bergpredigt Jesu für die heutige Zeit ausgelegt.
260 ## - PUBLICATION, DISTRIBUTION, ETC.
Place of publication, distribution, etc. Tübingen,
Name of publisher, distributor, etc. Furche-Verlag
Date of publication, distribution, etc. [1946]
300 ## - PHYSICAL DESCRIPTION
Extent 72 p.
Dimensions 22 cm.
630 00 - SUBJECT ADDED ENTRY--UNIFORM TITLE
Uniform title Sermon on the mount
Form subdivision Commentaries.

No items available.

Powered by Koha